000 00563nam a2200157 4500
999 _c1706
_d1706
008 160413b xxu||||| |||| 00| 0 eng d
020 _a9710869558
082 _22009
_aDFil 362.1
_bZ94
100 _95404
_aZulueta, Francisco M.
245 _aInsights to proper health care:
_bthe key to a long and happy life/
_hFrancisco M. Zulueta.
260 _aMandaluyong City:
_bNational Bookstore,
_cc2009.
300 _axx, 219 pages:
_billustrations;
_c22 cm.
500 _aIncludes bibliographical references, glossary.
650 0 _95405
_aMedical care
942 _2ddc
_cDFIL